[Event "FINAL MISTRZOSTW POLSKI MLODZIKOW 2016 - CHLOPCY"]
[Site "Jastrzebia Gora"]
[Date "1899-12-30"]
[Round "8.15"]
[White "Backiel, Hubert"]
[Black "Herwy, Jakub"]
[Result "1-0"]
[WhiteTitle "II+"]
[BlackTitle "II"]
[WhiteElo "1247"]
[BlackElo "1051"]

1. e4 c5 2. Nf3 d6 3. d4 cxd4 4. Nxd4 Nf6 5. Nc3 e6 6. Be2 a6 7. f4 Be7 8. O-O
Nc6 9. Be3 O-O 10. Bf3 Qc7 11. Qe1 Bd7 12. Qf2 b5 13. a3 Rac8 14. Rad1 Na5 15.
Nxe6 fxe6 16. Bb6 Qb8 17. Bxa5 Ne8 18. Qe3 Bc6 19. Bb6 Ba8 20. Bg4 Rf6 21. Bd4
Rh6 22. Rf3 Bd8 23. Rh3 Rxh3 24. Qxh3 Rc7 25. Bxe6+ Kf8 26. Qf5+ Bf6 27. Bxf6
gxf6 28. Kh1 Qa7 29. e5 Qf2 30. Bd5 Bxd5 31. Nxd5 Rxc2 32. Rg1 dxe5 33. Qxh7 Qc5
34. Nb6 Qxb6 35. Qxc2 exf4 36. Qd2 Qc7 37. Rf1 Kf7 38. Qxf4 Qc2 39. Qf2 Qc6 40.
Qf3 Qd6 41. Qb3+ Kg7 42. Qg3+ Kf7 43. Qxd6 Nxd6 44. Rc1 Ke6 45. Rc6 a5 46. Ra6
a4 47. h4 Ke5 48. Rxd6 Kxd6 49. h5 Ke7 50. g4 Kf7 51. Kg2 Kg7 52. Kg3 Kf7 53.
Kf4 Kg7 54. Kf5 Kf7 55. h6 Kg8 56. Kxf6 Kh7 57. g5 Kg8 58. g6 b4 59. h7+ Kh8 60.
Kf7 b3 61. g7+ Kxh7 62. g8=Q+ Kh6 1-0

[Event "FINAL MISTRZOSTW POLSKI MLODZIKOW 2016 - CHLOPCY"]
[Site "Jastrzebia Gora"]
[Date "1899-12-30"]
[Round "8.16"]
[White "Ciszewski, Krzysztof"]
[Black "Pancewicz, Szymon"]
[Result "0-1"]
[WhiteTitle "II"]
[BlackTitle "II"]
[WhiteElo "1236"]
[BlackElo "1079"]

1. e4 c6 2. d4 d5 3. exd5 cxd5 4. c4 Nf6 5. Nc3 g6 6. Nf3 Bg7 7. Be3 O-O 8. Be2
Bf5 9. O-O Nbd7 10. Qb3 Qc7 11. Rac1 Qb6 12. Qxb6 Nxb6 13. c5 Nbd7 14. Bb5 Rac8
15. Bxd7 Nxd7 16. Nxd5 Rfe8 17. Rfe1 Be6 18. Nc3 Nf6 19. a3 Red8 20. Red1 Ng4
21. Nb5 a6 22. Nc3 Nxe3 23. fxe3 Rb8 24. h3 b5 25. b4 Rbc8 26. Kf2 Bc4 27. Nd2
Be6 28. Nf3 Bc4 29. Nd2 Be6 30. a4 Rb8 31. axb5 axb5 32. Ra1 Rxd4 33. exd4 Bxd4+
34. Ke2 Bxc3 35. Rab1 Ba2 36. Rbc1 Bxb4 37. c6 Rc8 38. Ne4 Bc4+ 39. Kf2 Rxc6 40.
Kg1 Re6 41. Ng5 Re2 42. Rf1 Bd2 43. Rxc4 bxc4 44. Nf3 Be3+ 45. Kh1 c3 46. Ne1
Rxe1 47. Rxe1 c2 48. Kh2 c1=Q 49. Rxc1 Bxc1 50. Kg3 Kg7 51. Kf3 Kf6 52. Ke4 Kg5
53. g3 f5+ 54. Kf3 e5 55. h4+ Kf6 56. Ke2 f4 57. Kf3 e4+ 58. Kxe4 fxg3 59. Kf3
Bf4 60. Kg2 Kf5 61. Kf3 h6 62. Kg2 Kg4 63. Kg1 Kxh4 64. Kg2 Kg5 65. Kh3 h5 66.
Kg2 h4 67. Kh3 Be3 68. Kg2 Kf4 69. Kh1 Bc1 70. Kg2 Ke3 71. Kf1 h3 72. Kg1 g2 73.
Kh2 Kf2 74. Kxh3 g1=Q 75. Kh4 Bg5+ 76. Kh3 Qh1+ 77. Kg4 Qh4# 0-1

[Event "FINAL MISTRZOSTW POLSKI MLODZIKOW 2016 - CHLOPCY"]
[Site "Jastrzebia Gora"]
[Date "1899-12-30"]
[Round "8.17"]
[White "Kusiak, Mateusz"]
[Black "Pisarek, Jan"]
[Result "0-1"]
[WhiteTitle "III"]
[BlackTitle "II"]
[WhiteElo "1085"]
[BlackElo "1191"]

1. d4 Nf6 2. c4 e6 3. Nc3 Bb4 4. Bg5 h6 5. Bh4 b6 6. a3 Bxc3+ 7. bxc3 Bb7 8. e3
O-O 9. f3 d6 10. Bd3 Nbd7 11. Ne2 e5 12. e4 Re8 13. O-O Qc8 14. Qd2 g5 15. Bf2
Nh5 16. h4 f6 17. hxg5 hxg5 18. g3 Kf7 19. Kg2 Rh8 20. Rh1 Qg8 21. c5 Ke7 22.
cxd6+ cxd6 23. Rag1 Qf7 24. Qb2 Rh7 25. Rh2 Rah8 26. Rgh1 Qg6 27. Bb5 Ng7 28.
Rxh7 Rxh7 29. Rxh7 Qxh7 30. Qb3 g4 31. d5 Qh3+ 32. Kg1 gxf3 33. Nf4 exf4 34. Bf1
Qg4 35. Kh2 Nh5 36. gxf4 Qxf4+ 37. Kg1 Qg4+ 38. Kh1 Ba6 39. Qd1 Ng3+ 0-1

[Event "FINAL MISTRZOSTW POLSKI MLODZIKOW 2016 - CHLOPCY"]
[Site "Jastrzebia Gora"]
[Date "1899-12-30"]
[Round "8.18"]
[White "Paszkowski, Krystian"]
[Black "Wolski, Michal"]
[Result "0-1"]
[WhiteTitle "III"]
[BlackTitle "II"]
[WhiteElo "1074"]
[BlackElo "1116"]

1. e4 e5 2. Nf3 Nc6 3. Bb5 a6 4. Bxc6 dxc6 5. O-O f6 6. d3 Be6 7. Be3 Qe7 8. Nbd2
O-O-O 9. a3 g5 10. b4 h5 11. Rb1 h4 12. a4 Bd7 13. c4 Qe6 14. b5 a5 15. b6 Bb4
16. bxc7 Kxc7 17. Nb3 g4 18. Ne1 Be8 19. Bd2 Bh5 20. Bxb4 axb4 21. Qd2 Qe7 22.
c5 Qg7 23. Nc2 g3 24. h3 gxf2+ 25. Rxf2 Qg3 26. Nxb4 Ne7 27. Rxf6 Rhg8 28. Rf2
Qxh3 29. Re1 Rg3 30. Nc1 Rdg8 31. Qb2 Kd8 32. Nb3 Bf3 33. Ree2 Bxe2 34. Qxe2 Qg4
35. Qxg4 R8xg4 36. Nd2 h3 37. Nf1 Rxg2+ 38. Rxg2 Rxg2+ 39. Kh1 Rb2 40. Nxc6+ Nxc6
41. Ng3 Nd4 42. Nh5 Nf3 0-1

[Event "FINAL MISTRZOSTW POLSKI MLODZIKOW 2016 - CHLOPCY"]
[Site "Jastrzebia Gora"]
[Date "1899-12-30"]
[Round "8.19"]
[White "Wilk, Igor"]
[Black "Czaja, Adrian"]
[Result "1/2-1/2"]
[WhiteTitle "III"]
[BlackTitle "II"]
[WhiteElo "1103"]
[BlackElo "1196"]

1. e4 c6 2. d4 d5 3. exd5 cxd5 4. Bd3 Nc6 5. c3 Nf6 6. h3 e6 7. Nf3 Bd6 8. O-O
h6 9. Nbd2 O-O 10. Re1 Bd7 11. Nf1 Qc7 12. N1h2 Rfe8 13. Bd2 a6 14. Ng4 Nxg4 15.
hxg4 Bf4 16. g5 hxg5 17. Nxg5 Bxg5 18. Bxg5 e5 19. dxe5 Rxe5 20. Rxe5 Qxe5 21.
Be3 Bf5 22. Bxf5 Qxf5 23. Qd2 Rd8 24. f4 Qf6 25. Rd1 Qf5 26. Qd3 Qf6 27. Qd2 Qe6
28. Re1 Qf5 29. Rd1 Qf6 30. Qd3 g6 31. Qd2 Qf5 32. Qd3 Qf6 33. Qd2 Qf5 34. Qd3
Qf6 35. Qd2 1/2-1/2

[Event "FINAL MISTRZOSTW POLSKI MLODZIKOW 2016 - CHLOPCY"]
[Site "Jastrzebia Gora"]
[Date "1899-12-30"]
[Round "8.20"]
[White "Choina, Jan"]
[Black "Bochenek, Ryszard"]
[Result "1-0"]
[WhiteTitle "II"]
[BlackTitle "II"]
[WhiteElo "1190"]
[BlackElo "1101"]

1. e4 c5 2. Nf3 Nc6 3. d4 cxd4 4. Nxd4 e5 5. Nb5 d6 6. a4 a6 7. N5a3 Be7 8. Nc3
Nf6 9. Bc4 O-O 10. O-O h6 11. Be3 Be6 12. Bb3 Rb8 13. f4 Bxb3 14. cxb3 Re8 15.
g4 Qd7 16. g5 Ng4 17. Bd2 exf4 18. gxh6 gxh6 19. Bxf4 Nce5 20. Bxe5 Ne3 21. Qd2
Qg4+ 22. Bg3 Nxf1 23. Rxf1 Qe6 24. Qg2 Kh8 25. Nd5 Rg8 26. Qd2 Rg7 27. Nc4 Bh4
28. Qe3 Bxg3 29. hxg3 Rbg8 30. Rf3 b5 31. Nf6 Rc8 32. Qxh6+ Rh7 33. Qxh7# 1-0

[Event "FINAL MISTRZOSTW POLSKI MLODZIKOW 2016 - CHLOPCY"]
[Site "Jastrzebia Gora"]
[Date "1899-12-30"]
[Round "8.21"]
[White "Karolczuk, Iwo"]
[Black "Wnek, Filip"]
[Result "1/2-1/2"]
[WhiteTitle "III"]
[BlackTitle "II"]
[WhiteElo "1114"]
[BlackElo "1188"]

1. e4 c5 2. Nc3 Nc6 3. Nf3 e5 4. Bb5 d6 5. Bc4 Be7 6. h3 Nf6 7. d3 O-O 8. Nd5 Nxd5
9. Bxd5 Be6 10. Bxe6 fxe6 11. Be3 Qb6 12. b3 d5 13. O-O dxe4 14. dxe4 Rad8 15.
Qe2 Nd4 16. Bxd4 exd4 17. Rfe1 Bf6 18. Rad1 a6 19. Qc4 Qc6 20. a4 Kh8 21. e5 Be7
22. Ra1 Rd7 23. Qd3 Rf4 24. Re2 Rd8 25. Rae1 Rdf8 26. Re4 Qd5 27. Rxf4 Rxf4 28.
Nd2 Rf5 29. Qe4 Qxe4 30. Rxe4 b5 31. axb5 axb5 32. g4 Rf8 33. b4 cxb4 34. Nb3
Rc8 35. Re2 Rc4 36. Rd2 Bc5 37. Nxc5 Rxc5 38. Rxd4 h6 39. Rxb4 Rxe5 40. Kg2 Kg8
41. c4 bxc4 42. Rxc4 Kf7 43. Kf3 Kf6 44. Kg3 g5 45. h4 Ra5 46. Rc3 Kg6 47. hxg5
1/2-1/2

[Event "FINAL MISTRZOSTW POLSKI MLODZIKOW 2016 - CHLOPCY"]
[Site "Jastrzebia Gora"]
[Date "1899-12-30"]
[Round "8.22"]
[White "Kubaszewski, Piotr"]
[Black "Norek, Maciej"]
[Result "0-1"]
[WhiteTitle "III"]
[BlackTitle "II"]
[WhiteElo "1097"]
[BlackElo "1175"]

1. e4 Nc6 2. d4 d5 3. e5 Bf5 4. f4 f6 5. Nf3 e6 6. Bb5 fxe5 7. fxe5 a6 8. Ba4 b5
9. Bb3 Na5 10. O-O c5 11. c3 Nxb3 12. axb3 Nh6 13. Bxh6 gxh6 14. Nbd2 Rg8 15.
c4 cxd4 16. Kh1 Bc5 17. cxb5 Bd3 18. Re1 Bxb5 19. Nf1 d3 20. N1d2 Ra7 21. Rf1
Rag7 22. g3 h5 23. Qc1 Be3 24. b4 Rc7 25. Qd1 Rc2 26. b3 Qa8 27. Rc1 Qb7 28. Kg2
d4 29. Kh1 Rxd2 30. Qe1 Re2 31. Qd1 Bxc1 32. Qxc1 d2 33. Qc2 Re1 34. Kg2 Rxf1
35. Kh3 d1=Q 0-1

[Event "FINAL MISTRZOSTW POLSKI MLODZIKOW 2016 - CHLOPCY"]
[Site "Jastrzebia Gora"]
[Date "1899-12-30"]
[Round "8.23"]
[White "Malinowski, Szymon"]
[Black "Jaskiewicz, Kacper"]
[Result "0-1"]
[WhiteTitle "II+"]
[BlackTitle "II"]
[WhiteElo "1175"]
[BlackElo "1100"]

1. d4 d5 2. c4 e6 3. Nc3 Nf6 4. Bg5 Nbd7 5. Nf3 c6 6. e3 Qa5 7. Qc2 Ne4 8. Bf4
Nxc3 9. bxc3 Nf6 10. Bd3 h6 11. h3 dxc4 12. Bxc4 Nd5 13. Bxd5 Qxd5 14. e4 Qd7
15. O-O Bd6 16. Be5 O-O 17. Qd3 f6 18. Bg3 Bxg3 19. fxg3 Rd8 20. Qc4 Qf7 21. Rab1
Qe7 22. e5 f5 23. Nh4 Qg5 24. Kh2 Kh8 25. Rb2 Rf8 26. Rf4 Qh5 27. Qc5 Rf7 28.
Rf1 f4 29. Nf3 fxg3+ 30. Kxg3 Qf5 31. Kh2 Qf4+ 32. Kh1 Qe4 33. Rbb1 Qd5 34. Qa3
Qd8 35. Rfe1 Qf8 36. Qb2 b6 37. Nh4 Qd8 38. Ng6+ Kg8 39. Rf1 Qg5 40. Qc2 Bb7 41.
Rxf7 Kxf7 42. Rf1+ Kg8 43. h4 Qg4 44. Ne7+ Kh8 45. Kg1 c5 46. Rf7 Be4 47. Qf2
Bf5 48. Nxf5 exf5 49. Rxf5 cxd4 50. cxd4 Rd8 51. Rf4 Qd1+ 52. Kh2 Qa4 53. Qd2
Qc4 54. Re4 Qd5 55. Rf4 Re8 56. Qc2 Qd7 57. Qd3 Qd5 58. a3 Kg8 59. Re4 Re7 60.
Qc2 Re6 61. Qc8+ Kh7 62. Rf4 Rg6 63. Qf5 Qxg2# 0-1

[Event "FINAL MISTRZOSTW POLSKI MLODZIKOW 2016 - CHLOPCY"]
[Site "Jastrzebia Gora"]
[Date "1899-12-30"]
[Round "8.27"]
[White "Fudal, Patryk"]
[Black "Wydmanski, Szymon"]
[Result "0-1"]
[WhiteTitle "III"]
[BlackTitle "III"]
[WhiteElo "1082"]
[BlackElo "1365"]

1. e4 c5 2. Nf3 a6 3. d4 cxd4 4. Nxd4 Nf6 5. Nc3 e5 6. Nf3 Bb4 7. Bd2 Nc6 8. Bd3
d5 9. exd5 Nxd5 10. Nxd5 Bxd2+ 11. Qxd2 Qxd5 12. O-O Be6 13. Rfe1 O-O 14. c4 Qc5
15. Rac1 Rad8 16. Qc3 f6 17. b3 Nb4 18. Bb1 Rfe8 19. a3 Nc6 20. b4 Qd6 21. c5
Qd7 22. Be4 Bf5 23. Qc2 Bxe4 24. Qxe4 Qd3 25. Qxd3 Rxd3 26. Re3 Red8 27. Rxd3
Rxd3 28. Ra1 e4 29. Ne1 Rc3 30. Kf1 Kf7 31. Ke2 Rc4 32. f3 Nd4+ 33. Kf2 Nc2 34.
Nxc2 Rxc2+ 35. Kf1 exf3 36. gxf3 Rxh2 37. Re1 Rh1+ 38. Kf2 Rxe1 39. Kxe1 g5 40.
a4 Ke7 41. Kf2 Ke6 42. Kg3 h5 43. Kh3 Kd5 44. b5 axb5 45. axb5 Kxc5 0-1

[Event "FINAL MISTRZOSTW POLSKI MLODZIKOW 2016 - CHLOPCY"]
[Site "Jastrzebia Gora"]
[Date "1899-12-30"]
[Round "8.28"]
[White "Wawrzyniak, Karol"]
[Black "Wiszniewski, Szymon"]
[Result "1/2-1/2"]
[WhiteTitle "II"]
[BlackTitle "II"]
[WhiteElo "1130"]
[BlackElo "1193"]

1. e4 c5 2. Nf3 d6 3. d4 cxd4 4. Nxd4 Nf6 5. Nc3 Nc6 6. Be3 Ng4 7. Bc1 Qb6 8. f3
Qxd4 9. fxg4 Qxd1+ 10. Nxd1 Bxg4 11. Nf2 Bd7 12. Be3 g6 13. Bd3 Bg7 14. c3 Ne5
15. Bc2 Nc4 16. Bc1 O-O 17. O-O a5 18. Bb3 Ne5 19. a4 b5 20. Be3 Rfb8 21. axb5
Rxb5 22. Bd5 Bc6 23. Bxc6 Nxc6 24. Nd3 Ne5 25. Nxe5 Bxe5 26. Rf2 Bf6 27. Bd4 Bxd4
28. cxd4 Rab8 29. Rb1 a4 30. Ra1 Rxb2 31. Rxb2 Rxb2 32. Rxa4 Re2 33. d5 Kg7 34.
Kf1 Rd2 35. h3 Kf6 36. g3 h5 37. Rb4 e5 38. Ra4 Rd4 39. Ra6 Rxe4 40. Rxd6+ Ke7
41. Ra6 Rd4 42. Ra5 f6 43. Kf2 f5 44. Ra7+ Kd6 45. Ra6+ Kxd5 46. Rxg6 h4 47. g4
fxg4 48. hxg4 Ke4 49. Rh6 Kf4 50. Rxh4 Kg5 51. Rh5+ Kf4 52. Rf5+ 1/2-1/2

[Event "FINAL MISTRZOSTW POLSKI MLODZIKOW 2016 - CHLOPCY"]
[Site "Jastrzebia Gora"]
[Date "1899-12-30"]
[Round "8.29"]
[White "Dembicki, Karol"]
[Black "Kozlowski, Michal"]
[Result "0-1"]
[WhiteTitle "II"]
[BlackTitle "II"]
[WhiteElo "1146"]
[BlackElo "1256"]

1. e4 e6 2. d4 d5 3. exd5 exd5 4. c4 Nf6 5. Nc3 Be7 6. Nf3 Bg4 7. h3 Bh5 8. g4
Bg6 9. Bg2 c6 10. c5 Nbd7 11. O-O O-O 12. Bg5 Re8 13. Re1 Ne4 14. Bxe7 Rxe7 15.
Nxe4 Rxe4 16. Qd2 Nf6 17. Red1 Re7 18. Re1 Qc7 19. Rxe7 Qxe7 20. Re1 Qc7 21. g5
Ne4 22. Qe3 Qd8 23. h4 f6 24. gxf6 Nxf6 25. Ne5 Be4 26. f3 Bf5 27. Qg5 Bd7 28.
h5 h6 29. Qg6 Be8 30. Qf5 Nxh5 31. Qe6+ Kh8 32. Nf7+ Bxf7 33. Qxf7 Nf6 34. Qxb7
Qc8 35. Qf7 Qf8 36. Qxf8+ Rxf8 37. Re7 Rb8 38. Rxa7 Rxb2 39. a4 Rb4 40. Rc7 Rxa4
41. Rxc6 Rxd4 42. Rc8+ Kh7 43. c6 Rc4 44. Bf1 Rc3 45. c7 Kg6 46. Bd3+ Kg5 47.
Kf2 d4 48. Kg3 Nd5 49. Rf8 Ne7 50. f4+ Kh5 51. c8=Q Rxd3+ 52. Kf2 Nxc8 53. Rf5+
Kg4 54. Ke2 Re3+ 55. Kf1 Kxf5 56. Kg1 Kxf4 57. Kf1 Kg3 58. Kg1 Re1# 0-1

[Event "FINAL MISTRZOSTW POLSKI MLODZIKOW 2016 - CHLOPCY"]
[Site "Jastrzebia Gora"]
[Date "1899-12-30"]
[Round "8.30"]
[White "Grodzicki, Piotr"]
[Black "Zmuda, Mateusz"]
[Result "1-0"]
[WhiteTitle "II"]
[BlackTitle "II"]
[WhiteElo "1129"]
[BlackElo "1199"]

1. e4 c5 2. Nc3 g6 3. f4 Nc6 4. Nf3 Bg7 5. Bb5 Qc7 6. Bxc6 Qxc6 7. d3 d6 8. O-O
Bd7 9. Be3 e6 10. Re1 Ne7 11. f5 O-O 12. fxg6 fxg6 13. Qd2 d5 14. exd5 exd5 15.
Bh6 Nf5 16. Bxg7 Nxg7 17. Ne5 Qd6 18. Nxd7 Qxd7 19. Re2 Qc6 20. Rae1 Rad8 21.
Rf2 b5 22. Rxf8+ Rxf8 23. Qd1 c4 24. dxc4 Qc5+ 25. Kh1 d4 26. Ne2 bxc4 27. Qxd4
Qxd4 28. Nxd4 Rf2 29. Kg1 Rd2 30. Re4 Nf5 31. Nxf5 gxf5 32. Rxc4 Kg7 33. Rc6 h5
34. h3 f4 35. b4 h4 36. a4 Rd4 37. c3 Rd2 38. a5 Rb2 39. Rc4 Ra2 40. Rxf4 Ra3
41. Rxh4 Rxc3 42. Rd4 Rc7 43. b5 Rc5 44. Rd7+ Kh6 45. Rxa7 Rxb5 46. Kf2 Kg5 47.
a6 Kf4 48. g3+ Ke4 49. Rb7 Ra5 50. Re7+ Kd5 51. a7 Kd6 52. Rh7 Kc6 53. h4 Kb6
54. h5 Rf5+ 55. Kg2 Rf8 56. h6 Rg8 57. Rg7 Rh8 58. h7 Ra8 59. Rg8 Rxg8 60. hxg8=Q
Kxa7 61. Qg6 Kb7 62. Qd6 Kc8 63. Qe7 Kb8 64. Qd7 Ka8 65. Kf3 Kb8 66. Ke4 Ka8 67.
Kd5 Kb8 68. Kc6 Ka8 69. Qb7# 1-0

[Event "FINAL MISTRZOSTW POLSKI MLODZIKOW 2016 - CHLOPCY"]
[Site "Jastrzebia Gora"]
[Date "1899-12-30"]
[Round "8.31"]
[White "Doskocz, Karol"]
[Black "Olchowy, Tomasz"]
[Result "0-1"]
[WhiteTitle "II"]
[BlackTitle "III"]
[WhiteElo "1074"]
[BlackElo "1104"]

1. c4 e5 2. Nc3 Nf6 3. g3 d5 4. cxd5 Nxd5 5. Bg2 Be6 6. Nf3 Nc6 7. a3 a5 8. O-O
Be7 9. d3 O-O 10. Bd2 Qd7 11. Qc2 Nf6 12. Rfd1 Bh3 13. Bg5 h6 14. Bxf6 Bxf6 15.
Ne4 Bxg2 16. Kxg2 Qe6 17. Rac1 Rac8 18. Nc5 Qd5 19. Nxb7 Nd4 20. e4 Qxb7 21. Nxd4
exd4 22. Kg1 Rb8 23. Qxc7 Qxc7 24. Rxc7 Rxb2 25. Ra7 Bd8 26. Rd7 Bb6 27. Rb7 Rc8
28. f4 Rb3 29. e5 a4 30. Rf1 Rc6 31. f5 Rxd3 32. e6 fxe6 33. fxe6 Rxe6 34. Rff7
Rg6 35. Kf1 Rxa3 36. Ke2 d3+ 37. Kd2 Ba5+ 38. Kc1 d2+ 39. Kb2 d1=Q 40. Kxa3 Qa1#
0-1

[Event "FINAL MISTRZOSTW POLSKI MLODZIKOW 2016 - CHLOPCY"]
[Site "Jastrzebia Gora"]
[Date "1899-12-30"]
[Round "8.32"]
[White "Grzadka, Artur"]
[Black "Dawgiel, Bartosz"]
[Result "1-0"]
[WhiteTitle "II"]
[BlackTitle "II"]
[WhiteElo "1172"]
[BlackElo "1134"]

1. d4 d5 2. c4 e6 3. Nc3 Nf6 4. Nf3 Be7 5. Bg5 O-O 6. Bxf6 Bxf6 7. h4 b6 8. g4
Be7 9. Qd2 a5 10. cxd5 exd5 11. g5 a4 12. Nh2 f6 13. f4 c6 14. Nf3 Bd6 15. e3
Qe7 16. Kf2 Bg4 17. Bh3 Bxf3 18. Kxf3 fxg5 19. hxg5 Qxg5 20. Be6+ Kh8 21. Rag1
Qf6 22. Rxh7+ Kxh7 23. Rh1+ Qh6 24. Rxh6+ gxh6 25. Qc2+ Kg7 26. Nxa4 b5 27. Nc3
Ra7 28. Qg2+ Kf6 29. Qh3 Ke7 30. Qxh6 Kd8 31. Bxd5 Rd7 32. Be6 Rc7 33. Ne4 Be7
34. Ng5 Rf6 35. Nf7+ Rxf7 36. Bxf7 Bb4 37. Qh8+ 1-0

[Event "FINAL MISTRZOSTW POLSKI MLODZIKOW 2016 - CHLOPCY"]
[Site "Jastrzebia Gora"]
[Date "1899-12-30"]
[Round "8.33"]
[White "Homza, Dominik"]
[Black "Lesien, Tymoteusz"]
[Result "0-1"]
[WhiteTitle "II"]
[BlackTitle "II"]
[WhiteElo "1019"]
[BlackElo "1213"]

1. e4 c5 2. Nf3 e6 3. d4 cxd4 4. Nxd4 Nf6 5. Nc3 d6 6. Bc4 Be7 7. O-O O-O 8. Be3
a6 9. f3 b5 10. Bb3 Bb7 11. Qd2 Nc6 12. a3 Rc8 13. Rad1 Qc7 14. Nxe6 fxe6 15.
Bxe6+ Kh8 16. Bxc8 Rxc8 17. Kh1 Ne5 18. Bf4 Nc4 19. Qc1 Qc5 20. Rde1 Nxb2 21.
Qxb2 Qxc3 22. Qb3 Qc4 23. Rc1 d5 24. Qxc4 Rxc4 25. Rfe1 dxe4 26. fxe4 Nxe4 27.
Rf1 Bc5 28. Be3 Kg8 29. Bxc5 Nxc5 30. Rcd1 h6 31. Rd8+ Kh7 32. h3 Rxc2 33. Rdd1
Bxg2+ 34. Kg1 Bxf1 35. Rxf1 Rc3 36. Ra1 Rxh3 37. Kg2 Rd3 38. Kh2 Ne4 39. Kg2 Rg3+
40. Kf1 Rf3+ 41. Ke1 Rf2 42. Rc1 Rh2 43. Rc6 Ng3 44. Rxa6 Re2+ 45. Kd1 Re4 46.
Rb6 Rd4+ 47. Ke1 Rd5 48. Kf2 Ne4+ 49. Kf3 Nd6 50. Kf4 g5+ 51. Kg4 Rd4+ 52. Kg3
Nf5+ 53. Kg2 Rd2+ 54. Kf3 Nh4+ 55. Ke3 Rb2 56. Rb7+ Kg6 57. Rb6+ Kh5 58. Rb7 Rb3+
59. Kf2 Rxa3 60. Rxb5 Rf3+ 61. Ke2 Rf5 62. Rb4 Re5+ 63. Kf2 Rf5+ 64. Ke2 Rf4 65.
Rb5 Rf5 66. Rb8 g4 67. Rb1 g3 68. Rg1 Rf2+ 69. Ke3 Kg4 70. Ke4 Nf3 71. Ra1 Re2+
72. Kd3 Rd2+ 73. Ke3 g2 74. Rc1 Rc2 75. Rd1 g1=Q+ 76. Rxg1+ Nxg1 77. Kd3 Rc8 78.
Kd4 h5 79. Ke3 Rf8 80. Kd2 h4 81. Kd3 h3 82. Kd4 h2 83. Kd5 h1=Q+ 84. Kd6 Qh6+
85. Kd5 Rf5+ 86. Kd4 Qe6 87. Kc3 Rd5 88. Kc4 Qc6+ 89. Kb4 Rb5+ 90. Ka3 Qa6# 0-1

[Event "FINAL MISTRZOSTW POLSKI MLODZIKOW 2016 - CHLOPCY"]
[Site "Jastrzebia Gora"]
[Date "1899-12-30"]
[Round "9.1"]
[White "Fiszer, Bartosz"]
[Black "Kejna, Piotr"]
[Result "1/2-1/2"]
[WhiteTitle "CM"]
[BlackTitle "II"]
[WhiteElo "1557"]
[BlackElo "1410"]

1. c4 e5 2. g3 Nf6 3. Bg2 d5 4. cxd5 Nxd5 5. Nf3 Nc6 6. O-O Be7 7. Nc3 Nb6 8. a3
Be6 9. b4 a6 10. d3 O-O 11. Bb2 f6 12. Rc1 f5 13. Na4 Nxa4 14. Qxa4 Bf6 15. Rfd1
Qe7 16. d4 e4 17. Ne5 Bxe5 18. dxe5 Qf7 19. Rc3 Nxe5 20. Rdc1 c6 21. Qc2 Nd7 22.
a4 Nb6 23. b5 axb5 24. axb5 Na4 25. Ra3 Nxb2 26. Qxb2 Rxa3 27. Qxa3 cxb5 28. Qc5
Bc4 29. f3 Qd5 30. Qe3 Re8 31. Rf1 Qc6 32. fxe4 fxe4 33. Rf4 Bd5 34. h3 b4 35.
Rf5 Qe6 36. g4 g6 37. Rf4 b3 38. Rf1 Rc8 39. Qd4 Qc6 40. Kh1 Rf8 41. Rxf8+ Kxf8
42. Qh8+ Bg8 43. Qb2 b6 44. Kh2 b5 45. Qa3+ Ke8 46. Qb4 Kd7 47. Kh1 Qd5 48. e3
Qc4 49. Qf8 Qd5 50. Qg7+ Bf7 51. Kh2 Kc6 52. Qc3+ Kb6 53. Qf6+ Ka5 54. Qa1+ Kb4
55. Qe1+ Kc5 56. Qc3+ Kb6 57. Qf6+ Be6 58. Qh8 Qd6+ 59. Kh1 b4 60. Bxe4 Qd1+ 61.
Kh2 Qd2+ 62. Bg2 Qd6+ 63. Kh1 Qd1+ 64. Kh2 Qd6+ 65. Kh1 Bd7 66. Qb2 Qd1+ 1/2-1/2

[Event "FINAL MISTRZOSTW POLSKI MLODZIKOW 2016 - CHLOPCY"]
[Site "Jastrzebia Gora"]
[Date "1899-12-30"]
[Round "9.2"]
[White "Lyszczarz, Konrad"]
[Black "Bancarewicz, Aleks"]
[Result "0-1"]
[WhiteTitle "II+"]
[BlackTitle "II"]
[WhiteElo "1515"]
[BlackElo "1254"]

1. e4 e6 2. Nf3 d5 3. Nc3 Nf6 4. e5 Nfd7 5. d4 c5 6. dxc5 Bxc5 7. Bd3 Nc6 8. Bf4
a6 9. O-O Be7 10. Qe2 Nc5 11. a3 Nxd3 12. Qxd3 O-O 13. Bg3 b5 14. a4 b4 15. Na2
a5 16. Nd4 Nxd4 17. Qxd4 Ba6 18. Rfc1 Qc7 19. Qd1 Rab8 20. b3 Qb6 21. Rab1 Bg5
22. c3 Bxc1 23. Rxc1 bxc3 24. Rxc3 Rfc8 25. Rf3 Rc7 26. Bf4 Rbc8 27. Rh3 Rc2 28.
Be3 Qxb3 0-1

[Event "FINAL MISTRZOSTW POLSKI MLODZIKOW 2016 - CHLOPCY"]
[Site "Jastrzebia Gora"]
[Date "1899-12-30"]
[Round "9.3"]
[White "Chyzy, Jakub"]
[Black "Wojdak, Jan"]
[Result "1-0"]
[WhiteTitle "I"]
[BlackTitle "II"]
[WhiteElo "1803"]
[BlackElo "1577"]

1. e4 c5 2. Nf3 Nc6 3. d4 cxd4 4. Nxd4 Nf6 5. Nc3 d6 6. f3 e5 7. Nb3 Be7 8. Be3
Be6 9. Qd2 O-O 10. Nd5 Bxd5 11. exd5 Nb8 12. Na5 Qc7 13. Be2 Rc8 14. c4 b6 15.
Nb3 Nbd7 16. O-O Ne8 17. Nc1 g6 18. b4 f5 19. Nb3 Ng7 20. f4 Bf6 21. Rac1 Be7
22. fxe5 dxe5 23. c5 bxc5 24. bxc5 f4 25. Bf2 Qd8 26. d6 Bg5 27. Bf3 Nf6 28. Bxa8
Rxa8 29. Qc3 e4 30. Bd4 f3 31. Bxf6 Bxf6 32. Qc4+ Kh8 33. Qxe4 1-0

[Event "FINAL MISTRZOSTW POLSKI MLODZIKOW 2016 - CHLOPCY"]
[Site "Jastrzebia Gora"]
[Date "1899-12-30"]
[Round "9.4"]
[White "Wieczorek, Mikolaj"]
[Black "Meers, Hubert"]
[Result "0-1"]
[WhiteTitle "II"]
[BlackTitle "II+"]
[WhiteElo "1217"]
[BlackElo "1607"]

1. e4 c5 2. Nf3 d6 3. d4 cxd4 4. Nxd4 Nf6 5. Nc3 a6 6. Bg5 e6 7. f4 Be7 8. Be2
Qc7 9. f5 Nc6 10. fxe6 fxe6 11. Bf3 O-O 12. Nxc6 bxc6 13. Qe2 Rb8 14. Rb1 h6 15.
Bf4 e5 16. Be3 Bb7 17. O-O d5 18. exd5 cxd5 19. Bf2 e4 20. Bg4 Nxg4 21. Qxg4 Qc6
22. Bd4 Bf6 23. Bxf6 Rxf6 24. Rxf6 Qxf6 25. Rd1 Qb6+ 26. Kh1 Qxb2 27. Nxd5 Bxd5
28. Rxd5 Qxc2 29. h3 Rb1+ 30. Kh2 Qc7+ 31. Qg3 Rh1+ 32. Kxh1 Qxg3 33. Rd8+ Kh7
34. Re8 e3 35. Kg1 Qf2+ 36. Kh2 e2 37. a4 e1=Q 38. Rxe1 Qxe1 39. a5 Kg6 40. h4
Kf5 41. g4+ Kxg4 42. h5 Qe2+ 43. Kh1 Kh3 44. Kg1 Qf1+ 0-1

[Event "FINAL MISTRZOSTW POLSKI MLODZIKOW 2016 - CHLOPCY"]
[Site "Jastrzebia Gora"]
[Date "1899-12-30"]
[Round "9.5"]
[White "Madajczak, Piotr"]
[Black "Matela, Krzysztof"]
[Result "1-0"]
[WhiteTitle "II"]
[BlackTitle "II"]
[WhiteElo "1377"]
[BlackElo "1328"]

1. e4 c5 2. Nf3 e6 3. d4 cxd4 4. Nxd4 Qb6 5. Nb3 Nf6 6. Bd3 Bc5 7. O-O d5 8. exd5
Nxd5 9. Nxc5 Qxc5 10. a3 O-O 11. b4 Qc7 12. Qf3 Nd7 13. c4 Ne5 14. Bxh7+ Kxh7
15. Qh5+ Kg8 16. cxd5 exd5 17. Bf4 f6 18. Re1 Qf7 19. Qxf7+ Nxf7 20. Nc3 g5 21.
Be3 Rd8 22. Rad1 Bf5 23. Nxd5 Kg7 24. Nc7 Rxd1 25. Rxd1 Rc8 26. Nd5 Bg6 27. h3
b6 28. Bd4 Ne5 29. Bxe5 fxe5 30. Ne3 Rc7 31. Ng4 e4 32. Rd5 Rc1+ 33. Kh2 Kh7 34.
Rd7+ Kg8 35. Rxa7 Rc3 36. Ra6 Bf7 37. Nh6+ Kg7 38. Nxf7 Kxf7 39. a4 Ra3 40. a5
bxa5 41. Rxa5 Rb3 42. Rxg5 Rxb4 43. Rg4 Rb2 44. Rxe4 Rxf2 45. Kg3 Rb2 46. h4 Kg6
47. Rg4+ Kh6 48. Kh3 Rb3+ 49. g3 Rd3 50. Rf4 Kg6 51. Kg4 Rd5 52. Rc4 Rd6 53. h5+
Kh6 54. Kh4 Rd2 55. Rc6+ Kg7 56. g4 Rd4 57. h6+ Kf7 58. Kh5 Rd7 59. g5 Rd8 60.
g6+ Kg8 61. h7+ Kg7 62. Rc7+ Kf6 63. g7 Rd5+ 64. Kg4 Rd4+ 65. Kf3 Rd3+ 66. Ke4
Rg3 67. h8=Q Rg4+ 68. Kf3 Rg1 69. g8=Q+ Kf5 70. Rc5# 1-0

[Event "FINAL MISTRZOSTW POLSKI MLODZIKOW 2016 - CHLOPCY"]
[Site "Jastrzebia Gora"]
[Date "1899-12-30"]
[Round "9.7"]
[White "Pazdzierz, Piotr"]
[Black "Dziewonski, Dariusz"]
[Result "0-1"]
[WhiteTitle "II"]
[BlackTitle "II"]
[WhiteElo "1319"]
[BlackElo "1414"]

1. Nf3 Nf6 2. c4 g6 3. g3 Bg7 4. Bg2 d6 5. O-O O-O 6. d4 c5 7. Nc3 Nc6 8. e3 Nd7
9. b3 Qb6 10. Nd5 Qd8 11. Bb2 Nb6 12. Nc3 Bg4 13. Ne2 Qc8 14. Qd2 Bh3 15. Rfd1
Bxg2 16. Kxg2 Nd7 17. dxc5 Nxc5 18. Bxg7 Kxg7 19. b4 Ne4 20. Qc1 Qf5 21. Rf1 Kg8
22. a3 Ne5 23. Nxe5 Qxe5 24. Qc2 Nf6 25. h3 Rac8 26. Qd3 Qe4+ 27. Qxe4 Nxe4 28.
Rfc1 Nd2 29. c5 Nb3 30. Rab1 Nxc1 31. Rxc1 dxc5 32. bxc5 Rc7 33. Rb1 Rb8 34. Rb5
a6 35. Ra5 Rbc8 36. Ra4 Rxc5 37. Rb4 b5 38. Nd4 Rc4 39. Rb3 Rc3 40. Kf1 Rxb3 41.
Nxb3 Rc3 42. Nd4 Rxa3 43. Nc6 e6 0-1